[Event "IEWCC"]
[Site "Istanbul TUR"]
[Date "2003.06.07"]
[Round "5"]
[White "Javakhishvili,L"]
[Black "Prudnikova,S"]
[Result "0-1"]
[WhiteElo "2336"]
[BlackElo "2426"]

1.d4 Nf6 2.c4 e6 3.Nf3 b6 4.a3 Bb7 5.Nc3 d5 6.cxd5 exd5 7.g3 Bd6 8.Bh3 a6
9.O-O O-O 10.Bg5 Re8 11.Qb3 Be7 12.Ne5 Nc6 13.Rfd1 Na5 14.Qa2 h6 15.Bf4 b5
16.Bg2 c6 17.Rac1 Bd6 18.e4 Nc4 19.Nxc4 Bxf4 20.gxf4 dxc4 21.b3 Nh5 22.Ne2 Qh4
23.bxc4 Nxf4 24.Nxf4 Qxf4 25.Qe2 bxc4 26.Rxc4 Rad8 27.Qf3 Qh4 28.Rb1 Bc8
29.Qd3 Re6 30.Rb6 Rdd6 31.Qg3 Qd8 32.Rb8 Rg6 33.Qb3 Kh7 34.e5 Rxd4 35.Rxd4 Qxd4
36.h3 Be6 37.Qb2 Qxb2 38.Rxb2 Bd5 39.f4 Rxg2+ 40.Rxg2 Bxg2 41.Kxg2 Kg6 42.Kf3 Kf5
43.Ke3 c5 44.a4 g5  0-1

[Event "Master Open"]
[Site "Ploiesti ROM"]
[Date "2003.06.07"]
[Round "9"]
[White "Voiteanu,G"]
[Black "Burnoiu,C"]
[Result "1-0"]
[WhiteElo "2270"]
[BlackElo "2180"]

1.d4 Nf6 2.c4 e6 3.Nf3 b6 4.a3 Ba6 5.Qc2 Bb7 6.Nc3 c5 7.e4 cxd4 8.Nxd4 d6
9.Be2 Nbd7 10.O-O a6 11.f4 Be7 12.Be3 Rc8 13.b4 O-O 14.Rfd1 Qc7 15.Rac1 Qb8
16.f5 Ne5 17.fxe6 Nfg4 18.Nf5 Nxe3 19.exf7+ Rxf7 20.Nxe3 Bg5 21.Nf5 Bxc1
22.Qxc1 Rd7 23.Qg5 Qc7 24.Bg4 Kh8 25.Ne7 h6 26.Qh4 Nxg4 27.Ng6+ Kh7 28.Qxg4 Rf7
29.e5 dxe5 30.Ne4 Kg8 31.Nd6 Qd7 32.Qe2 Qc7 33.Nxf7 Kxf7 34.Nxe5+ Kg8 35.Rd7  1-0

[Event "Golden Cleopatra"]
[Site "Cairo EGY"]
[Date "2003.06.08"]
[Round "7"]
[White "Salem,Ah"]
[Black "Yasseen,A"]
[Result "0-1"]
[WhiteElo "2138"]
[BlackElo "2302"]

1.d4 Nf6 2.c4 e6 3.Nf3 b6 4.a3 Bb7 5.Nc3 d5 6.cxd5 exd5 7.Bg5 Be7 8.e3 O-O
9.Bd3 Ne4 10.Bxe7 Qxe7 11.O-O Nd7 12.Rc1 c5 13.Ne2 c4 14.Bb1 b5 15.Nd2 f5
16.Re1 a5 17.f3 Nd6 18.Ng3 Qf6 19.f4 Ne4 20.Bxe4 fxe4 21.Rf1 b4 22.Qg4 Qf7
23.axb4 axb4 24.Ra1 Nf6 25.Qg5 h6 26.Qh4 Qd7 27.h3 Rxa1 28.Rxa1 Ra8 29.Rb1 Bc8
30.Ndf1 Qa4 31.Nh5 Nxh5 32.Qxh5 Be6 33.Qe5 Bf7 34.Ng3 Re8 35.Qd6 Qa2 36.Rf1 Qxb2
37.Nf5 c3 38.Ne7+ Kh8 39.f5 c2 40.Qc7 Rxe7 41.Qxe7 c1=Q 42.Rxc1 Qxc1+ 43.Kh2 Qxe3
44.Qxf7 Qf4+ 45.Kh1 Qd6 46.Qe8+ Kh7 47.Qb5 e3 48.Qd3 Qf4 49.f6+ Kg8 50.Qg6 Qf1+
51.Kh2 Qf4+ 52.Kh1 Qf1+ 53.Kh2 Qxf6 54.Qe8+ Kh7 55.Qxe3 Qf5 56.Qd2 b3  0-1

[Event "IV Open"]
[Site "Lido Estensi ITA"]
[Date "2003.06.10"]
[Round "4"]
[White "Efimov,I"]
[Black "Cioara,A"]
[Result "1-0"]
[WhiteElo "2477"]
[BlackElo "2386"]

1.d4 Nf6 2.c4 e6 3.Nf3 b6 4.a3 Bb7 5.Nc3 d5 6.Qc2 Be7 7.Bg5 O-O 8.cxd5 Nxd5
9.Nxd5 exd5 10.h4 c5 11.e3 Nd7 12.Bd3 h6 13.Bh7+ Kh8 14.Bf5 Nf6 15.Rd1 Qe8
16.Ne5 Rd8 17.f3 Bc8 18.Kf2 Kg8 19.g4 Bxf5 20.gxf5 Nh5 21.Bxe7 Qxe7 22.Nc6 Qd6
23.Nxd8 cxd4 24.Rhg1 dxe3+ 25.Kxe3 Qf4+ 26.Kf2 Rxd8 27.Rg4 Qh2+ 28.Rg2 Qxh4+
29.Kg1 d4 30.Qe4 Nf4 31.Rg4 Nh3+ 32.Kg2 Qh5 33.Rh1  1-0

[Event "IEWCC"]
[Site "Istanbul TUR"]
[Date "2003.06.11"]
[Round "8"]
[White "Nill,J"]
[Black "Genova,R"]
[Result "1-0"]
[WhiteElo "2271"]
[BlackElo "2239"]

1.d4 Nf6 2.c4 e6 3.Nf3 b6 4.a3 Bb7 5.Nc3 Be7 6.e3 O-O 7.Bd3 d5 8.cxd5 exd5
9.O-O Nbd7 10.Qc2 Re8 11.Bd2 Bf8 12.Rad1 c5 13.Bc1 a6 14.Bf5 c4 15.Rfe1 g6
16.Bh3 Qc7 17.Nd2 b5 18.Nf1 Bc6 19.e4 Nxe4 20.Nxe4 dxe4 21.d5 Bb7 22.Rxe4 Nc5
23.Bf4 Bd6 24.Bxd6 Qxd6 25.Rxe8+ Rxe8 26.Ne3 f5 27.g3 f4 28.Ng2 Nd3 29.Nxf4 Nxf4
30.gxf4 Qxf4 31.Qd2 Qxd2 32.Rxd2 Re1+ 33.Kg2 Kf8 34.Kg3 Ke8 35.Kf4 h6 36.Bg4 g5+
37.Kg3 Rg1+ 38.Kf3 Ke7 39.h3 Re1 40.Kg3 Kd6 41.Bf3 a5 42.h4 gxh4+ 43.Kxh4 Re5
44.Bg2 Bxd5 45.f4 Rf5 46.Kg4 Ke6 47.Bh3 Be4 48.Kg3 Bd3 49.Kf3 Kf6 50.Bxf5 Kxf5
51.Rh2 Kg6 52.Ke3 b4 53.axb4 axb4 54.b3 Bf5 55.bxc4 b3 56.Kd4 Bc2 57.Kc3 Kf5
58.Rxh6 Kxf4 59.c5  1-0

[Event "Master Open"]
[Site "Voronezh RUS"]
[Date "2003.06.14"]
[Round "3"]
[White "Riazantsev,A"]
[Black "Rodin,D"]
[Result "1-0"]
[WhiteElo "2534"]
[BlackElo "2432"]

1.d4 Nf6 2.c4 e6 3.Nf3 b6 4.a3 c5 5.d5 Ba6 6.Qc2 exd5 7.cxd5 g6 8.Nc3 Bg7
9.g3 O-O 10.Bg2 d6 11.O-O Re8 12.Re1 Nbd7 13.Bf4 Qe7 14.Qa4 Bb7 15.Nb5 Ne5
16.Nxe5 dxe5 17.d6 Qd7 18.Bxb7 Qxb7 19.Bg5 Qc6 20.Bxf6 Bxf6 21.Qa6 Red8 22.e4 Bg7
23.Rad1 Bf8 24.Nc7 Rac8 25.Qxa7 Rxd6 26.Rxd6 Bxd6 27.Nd5 b5 28.Rd1 c4 29.Qe3 Kg7
30.Qg5 Qc5 31.h4 h5 32.Nf6 Be7 33.Nxh5+ Kg8 34.Nf6+ Kg7 35.Rd5 Qc7 36.Nh5+ Kg8
37.Qxe5 Qxe5 38.Rxe5 Bxa3 39.bxa3 c3 40.Nf4 c2 41.Ne2 c1=Q+ 42.Nxc1 Rxc1+
43.Kg2  1-0

[Event "FIDE Open"]
[Site "Voronezh RUS"]
[Date "2003.06.14"]
[Round "3"]
[White "Lakhno,K"]
[Black "Peschansky,M"]
[Result "1-0"]
[WhiteElo "2294"]
[BlackElo "2195"]

1.d4 Nf6 2.Nf3 e6 3.c4 b6 4.a3 Ba6 5.Qc2 d5 6.Nbd2 Be7 7.e4 dxe4 8.Nxe4 h6
9.Nxf6+ Bxf6 10.Qe4 c6 11.Bd3 Bb7 12.O-O Nd7 13.Bf4 Be7 14.Bc2 Nf6 15.Qd3 Bd6
16.Ne5 Qc7 17.b4 Nh5 18.Bd2 O-O-O 19.Qe2 g5 20.c5 Bxe5 21.dxe5 Rd5 22.Bb3 Rd4
23.Be3 Nf4 24.Qc2 Rd7 25.Rfd1 Qxe5 26.cxb6 axb6 27.Bxb6 Ne2+ 28.Kh1 Nc3 29.Rxd7 Kxd7
30.Qd2+ Kc8 31.Bd4 Rd8 32.Bxe5 Rxd2 33.Bxc3 Rxf2 34.Kg1 Rf4 35.Rf1 Rg4 36.Rxf7  1-0

[Event "IV Open"]
[Site "Lido Estensi ITA"]
[Date "2003.06.15"]
[Round "9"]
[White "Khenkin,I"]
[Black "Skembris,S"]
[Result "1/2-1/2"]
[WhiteElo "2644"]
[BlackElo "2448"]

1.d4 Nf6 2.Nf3 e6 3.c4 b6 4.a3 Ba6 5.Qc2 Bb7 6.Nc3 c5 7.e4 cxd4 8.Nxd4 Bc5
9.Nb3 Nc6 10.Bg5 Nd4 11.Nxd4 Bxd4 12.Nb5 Be5 13.f4 Bb8 14.e5 h6 15.Bxf6 gxf6
16.Nd6+ Bxd6 17.exd6 f5 18.Qc3 Rg8 19.h4 Kf8 20.O-O-O Rc8 21.Rh2 Be4 22.g3 Rg7
23.Re2 Kg8 24.Bg2 Bxg2 25.Rxg2 Kh7 26.h5 Rg4 27.Rd3 Rc6 28.b3 f6 29.Kb2 Qf8
30.Qd4 Qf7 31.Rh2 Qg7 32.Qe3 Qf8 33.Qd4 Qg7 34.Qe3 Qf8 35.Rhd2 Qf7 36.Qd4 Kg7
37.Rh2 Qf8 38.Rh4 Qe8 39.Rxg4+ fxg4 40.f5 exf5 41.Re3 Rxd6 42.Qxd6 Qxe3 43.Qxd7+ Kf8
44.Qxf5 Ke7 45.Qxg4 Qd2+ 46.Kb1 Qd3+ 47.Kb2  1/2-1/2

[Event "ch-Barents Region A"]
[Site "Alta NOR"]
[Date "2003.06.20"]
[Round "1"]
[White "Nordahl,H"]
[Black "Esbensen,A"]
[Result "1/2-1/2"]
[WhiteElo "2330"]
[BlackElo "2172"]

1.d4 e6 2.c4 Nf6 3.Nf3 b6 4.a3 d5 5.Qa4+ c6 6.cxd5 exd5 7.Nc3 Be7 8.Bg5 O-O
9.e3 Ne4 10.Bxe7 Qxe7 11.Bd3 Nxc3 12.bxc3 Qf6 13.Qc2 h6 14.O-O Nd7 15.e4 dxe4
16.Bxe4 Ba6 17.Rfe1 Bc4 18.Bf5 Qd6 19.Re3 Bd5 20.Nd2 c5 21.Rae1 cxd4 22.cxd4 Nf6
23.Nc4 Qf4 24.Ne5 Qxd4 25.Rd1 Qc5 26.Qxc5 bxc5 27.Nd7 Nxd7 28.Rxd5 Nb6 29.Rxc5 Rfe8
30.Rxe8+ Rxe8 31.g3 g6 32.Bd3 Re1+ 33.Kg2 Re7 34.Kf3 Kg7 35.Bb5 Kf6 36.h4 Re5
37.Rc6+ Re6 38.Rc7 Re7 39.Rxe7 Kxe7 40.Ke4 Kd6 41.f4 Nc8 42.Kd4 Ne7 43.g4 Nd5
44.g5 h5 45.Bc4 Nxf4 46.Bxf7 Ng2 47.Bxg6 Nxh4 48.Bxh5 Nf5+ 49.Kc4 Kc6 50.g6 a6
51.Bf3+ Kb6 52.Kd5 Ne7+  1/2-1/2

[Event "2nd NAO GM"]
[Site "Paris FRA"]
[Date "2003.06.20"]
[Round "1"]
[White "Chabanon,JL"]
[Black "Nguyen Chi Minh"]
[Result "0-1"]
[WhiteElo "2492"]
[BlackElo "2383"]

1.d4 e6 2.Nf3 Nf6 3.c4 b6 4.a3 Ne4 5.Nfd2 Nxd2 6.Bxd2 Bb7 7.Nc3 Qf6 8.d5 exd5
9.cxd5 Bc5 10.e3 Qg6 11.h4 f5 12.h5 Qf7 13.h6 g6 14.Nb5 Kd8 15.b4 Bd6 16.Nxd6 cxd6
17.Bc3 Re8 18.Qd4 Bxd5 19.Rc1 Nc6 20.Qh4+ Ne7 21.Ba6 Bxg2 22.Rg1 Be4 23.f3 Qb3
24.fxe4 Qxa3 25.Bd2 Qxa6 26.exf5 gxf5 27.Rg7 Qd3 28.e4 f4 29.Qxf4 Nc6 30.Kd1 Rxe4
31.Qf8+ Re8 32.Qf6+ Kc7 33.Qc3 Qe2+ 34.Kc2 Rac8 35.Kb1 Kb8 36.Rxh7 Re4 37.Qc2 Ne7
38.Bc3 Qf3 39.Qd2 Nd5 40.Bb2 Rxc1+ 41.Qxc1 Qd3+ 42.Ka1 Rc4 43.Rh8+ Kb7 44.Qb1 Rc2
45.h7 Nxb4 46.Qh1+ Rc6 47.Rb8+ Kxb8 48.h8=Q+ Kc7 49.Qg8 Nc2+ 50.Ka2 Nb4+
51.Ka1 b5 52.Qxc6+ dxc6 53.Qf7+ Kb6 54.Bf6 Qd1+ 55.Kb2 Qc2+ 56.Ka1 Qc1+  0-1

[Event "zt 3.2a"]
[Site "Ho Chi Minh City VIE"]
[Date "2003.06.23"]
[Round "3"]
[White "Chan Peng Kong"]
[Black "Iwasaki,Y"]
[Result "1-0"]
[WhiteElo "2349"]
[BlackElo "2200"]

1.d4 Nf6 2.c4 e6 3.Nf3 b6 4.a3 Bb7 5.Nc3 Be7 6.d5 O-O 7.g3 a5 8.Bg2 Na6 9.O-O Nc5
10.Nd4 Qc8 11.e4 exd5 12.Nf5 Qd8 13.e5 Nfe4 14.Nxd5 Bxd5 15.cxd5 g6 16.Nxe7+ Qxe7
17.f3 Nb3 18.Qxb3  1-0

[Event "TCh-BIH"]
[Site "Jahorina BIH"]
[Date "2003.06.23"]
[Round "4"]
[White "Varga,Zo"]
[Black "Jeremic,V"]
[Result "1-0"]
[WhiteElo "2533"]
[BlackElo "2462"]

1.d4 Nf6 2.c4 e6 3.Nf3 b6 4.a3 Ba6 5.Qa4 Bb7 6.Bf4 c5 7.Nc3 a6 8.Rd1 cxd4
9.Nxd4 Be7 10.f3 O-O 11.e4 d6 12.Be3 Qc7 13.Rc1 Nbd7 14.Be2 Rac8 15.O-O Kh8
16.Qd1 Rg8 17.Qd2 Qb8 18.b4 Bd8 19.g3 Ne5 20.Na4 Ned7 21.Rfd1 Bc7 22.Bf1 h6
23.Bf2 g5 24.c5 dxc5 25.bxc5 bxc5 26.Nxc5 Bf4 27.gxf4 gxf4+ 28.Bg2 Nxc5 29.Rxc5 Rxc5
30.Nxe6 fxe6 31.Bxc5 Bxe4 32.Qc3 e5 33.fxe4 Qb5 34.Rf1 Rc8 35.Rc1 Nd7 36.Qh3 Rxc5
37.Qxh6+ Kg8 38.Qe6+ Kg7 39.Rd1 Nf6 40.Qe7+ Kg6 41.Bh3 Rc6 42.Bf5+ Kh5 43.Qg7 Qc5+
44.Kh1 Qf2 45.Qh8+ Nh7 46.Qxh7+ Rh6 47.Bg6+ Kg4 48.Rg1+ Qxg1+ 49.Kxg1 Rxh7
50.Bxh7 Kf3 51.Kf1  1-0

[Event "I Carvalho Mem Masters"]
[Site "Maia POR"]
[Date "2003.06.24"]
[Round "2"]
[White "Santos,CP"]
[Black "Fernando,D"]
[Result "1/2-1/2"]
[WhiteElo "2414"]
[BlackElo "2438"]

1.d4 Nf6 2.c4 e6 3.Nf3 b6 4.a3 Bb7 5.Nc3 d5 6.cxd5 Nxd5 7.Qc2 Nxc3 8.bxc3 c5
9.e4 Nd7 10.Bd3 Qc7 11.Qb1 Be7 12.O-O O-O 13.a4 Rad8 14.a5 bxa5 15.Bf4 Qxf4
16.Qxb7 cxd4 17.cxd4 Bb4 18.Rac1 Nf6 19.Qc7 Bd6 20.Qxa5 Ng4 21.e5 Bxe5 22.Bxh7+ Kxh7
23.dxe5 Rd3 24.h3 Rxf3 25.hxg4 Kg6 26.Rc4 Qxc4 27.gxf3 Rh8 28.Re1 Qf4 29.Qc3 Rh3
30.Re3 Qg5 31.Kg2 Rh4 32.Re1 Qf4 33.Qd3+ Kg5 34.Qe3 Rh2+ 35.Kg1 Qxe3 36.Rxe3 Rh8
37.Kg2 a5 38.Re4 Ra8 39.Ra4 Kh4 40.Kh2 Ra7 41.Kg2 Ra6 42.Kh2 f6 43.exf6 gxf6
44.Kg2 Ra8 45.Kh2 Ra6 46.Kg2 e5 47.Kh2 Ra8 48.Kg2 Ra6 49.Kh2 f5 50.gxf5+ Kg5
51.f4+ exf4 52.f6 Kxf6 53.Rxf4+ Ke5 54.Ra4 Kd5 55.f4 Kc5 56.Kg3 Kb5 57.Ra1 a4  1/2-1/2

[Event "TCh-BIH"]
[Site "Jahorina BIH"]
[Date "2003.06.25"]
[Round "7"]
[White "Kozul,Z"]
[Black "Palac,M"]
[Result "1-0"]
[WhiteElo "2601"]
[BlackElo "2587"]

1.d4 Nf6 2.c4 e6 3.Nf3 b6 4.a3 Bb7 5.Nc3 d5 6.cxd5 Nxd5 7.e3 Nd7 8.Bd3 c5
9.O-O N7f6 10.Qe2 a6 11.Rd1 Qb8 12.Bc2 Bd6 13.dxc5 Bxc5 14.Nd2 Bd6 15.f4 O-O
16.Nde4 Be7 17.Nxf6+ Nxf6 18.e4 b5 19.Be3 Rc8 20.e5 Nd5 21.Nxd5 Bxd5 22.Bd3 g6
23.Rdc1 Rxc1+ 24.Rxc1 Qb7 25.Qd2 Bd8 26.Bf1 b4 27.a4 Qe7 28.Qd1 Qb7 29.Qd4 a5
30.Qc5 b3 31.Qb5 Qxb5 32.Bxb5 Be7 33.Kf2 h5 34.g3 Kf8 35.Bc5 Bxc5+ 36.Rxc5 Rb8
37.Ke3 Kg7 38.h4 Kf8 39.Kd4 Rd8 40.Kc3 Rb8 41.Bd3 Ra8 42.Bc4 Bxc4 43.Kxc4 Rd8
44.Rxa5 Rd2 45.Rb5 Rc2+ 46.Kxb3 Rg2 47.a5 Rxg3+ 48.Ka2  1-0

[Event "TCh-BIH"]
[Site "Jahorina BIH"]
[Date "2003.06.26"]
[Round "8"]
[White "Atalik,S"]
[Black "Almasi,Z"]
[Result "1-0"]
[WhiteElo "2568"]
[BlackElo "2676"]

1.d4 Nf6 2.c4 e6 3.Nf3 b6 4.a3 Bb7 5.Nc3 d5 6.cxd5 Nxd5 7.Bd2 Nd7 8.Nxd5 Bxd5
9.Qc2 c5 10.e4 Bb7 11.d5 exd5 12.exd5 Qe7+ 13.Be3 O-O-O 14.O-O-O Nf6 15.d6 Qe8
16.Bc4 Bxd6 17.Ng5 Rf8 18.Rhe1 Bc7 19.Rxd8+ Qxd8 20.Nxf7 Qd7 21.Ng5 Re8 22.Rd1 Qc6
23.Ne6 Kb8 24.Nxg7 Re7 25.Nf5 Re8 26.f3 Bc8 27.Bg1 Re5 28.Ng3 b5 29.Bd3 c4
30.Bf5 Bb7 31.Kb1 h5 32.Bd4 Rd5 33.Bh3 Qd6 34.Nf5 Qd8 35.Qf2 Ka8 36.Rc1 Bc8
37.Bxf6 Qxf6 38.Ne7  1-0

[Event "zt 3.2a"]
[Site "Ho Chi Minh City VIE"]
[Date "2003.06.27"]
[Round "8"]
[White "Purnama,T"]
[Black "Iwasaki,Y"]
[Result "1-0"]
[WhiteElo "2294"]
[BlackElo "2200"]

1.d4 Nf6 2.c4 e6 3.Nf3 b6 4.a3 Ba6 5.Qc2 Bb7 6.Nc3 c5 7.e4 cxd4 8.Nxd4 Nc6
9.Nxc6 Bxc6 10.Bf4 Rc8 11.Rd1 d6 12.Be2 Qc7 13.O-O Be7 14.b4 O-O 15.Qd3 Rfd8
16.Rc1 Qb8 17.Rfe1 Qa8 18.Bf1 h6 19.h3 Bf8 20.Rcd1 d5 21.cxd5 exd5 22.e5 Ne4
23.Nxe4 dxe4 24.Qg3 Kh7 25.Bc4 Bd5 26.Bxd5 Rxd5 27.Qb3 Rxd1 28.Rxd1 Qb7 29.e6 fxe6
30.Qxe6 a5 31.Qf5+ Kh8 32.Rd7 Qc6 33.Be5 e3 34.fxe3 axb4 35.axb4 Re8 36.Qf7 Qe6
37.Bxg7+ Kh7 38.Qxe6  1-0

[Event "32nd TCh-GRE"]
[Site "Kallithea Chalkidiki GRE"]
[Date "2003.07.04"]
[Round "1"]
[White "Vragoteris,A"]
[Black "Sokolov,And1"]
[Result "0-1"]
[WhiteElo "2339"]
[BlackElo "2554"]

1.d4 Nf6 2.c4 e6 3.Nf3 b6 4.a3 Ba6 5.Qa4 Bb7 6.Nc3 c5 7.dxc5 bxc5 8.Bg5 Be7
9.e3 O-O 10.Be2 d6 11.Qc2 Nbd7 12.O-O Qb6 13.b4 h6 14.Bh4 cxb4 15.axb4 a5
16.b5 Rfc8 17.Rfc1 d5 18.cxd5 Bb4 19.Qb2 Nxd5 20.Na4 Qa7 21.Nd4 N7b6 22.Nxe6 Rxc1+
23.Rxc1 fxe6 24.Qe5 Nxa4 25.Qxe6+ Kh8 26.Qg6 Nc5 27.Bd3 Nxd3 28.Rc7 Nxc7
29.Bf6 Bf8 30.b6 Qxb6 31.Bxg7+ Bxg7 32.Qxb6 a4 33.Qxc7 Rc8  0-1

[Event "1st Stage Russian Cup"]
[Site "Tomsk RUS"]
[Date "2003.07.04"]
[Round "1"]
[White "Trufanov,Alexande"]
[Black "Maletin,P"]
[Result "0-1"]
[WhiteElo "2180"]
[BlackElo "2422"]

1.d4 Nf6 2.c4 e6 3.Nf3 b6 4.a3 Bd6 5.Qc2 Bb7 6.Nbd2 c5 7.e3 Be7 8.Bd3 O-O
9.O-O cxd4 10.Nxd4 d6 11.b3 Nbd7 12.Bb2 Rc8 13.Rac1 Qc7 14.Ne4 Qb8 15.Nxf6+ Nxf6
16.Qe2 Qa8 17.f3 d5 18.Nb5 Qb8 19.Nc3 dxc4 20.Bxc4 Bd6 21.g3 a6 22.Bxa6 Bxa6
23.Qxa6 Bxg3 24.Rc2 Bd6 25.Rfc1 Rc5 26.b4 Rh5 27.f4 Ng4 28.Ne4 Bxf4 29.Rc8 Bxe3+
30.Kf1 Qf4+ 31.Ke1 Bf2+ 32.Kd1 Rd5+  0-1

[Event "FSGM July"]
[Site "Budapest HUN"]
[Date "2003.07.05"]
[Round "1"]
[White "Thorfinnsson,Br"]
[Black "Pedersen,NV"]
[Result "1-0"]
[WhiteElo "2373"]
[BlackElo "2528"]

1.d4 Nf6 2.c4 e6 3.Nf3 b6 4.a3 Ba6 5.Qa4 c6 6.Nc3 d5 7.cxd5 exd5 8.Bg5 Be7
9.Ne5 Bb7 10.e3 O-O 11.Bd3 Nfd7 12.Bf4 Nxe5 13.dxe5 Nd7 14.Qc2 h6 15.Rd1 Re8
16.Bf5 Bf8 17.Bxd7 Qxd7 18.O-O Qe6 19.Ne2 c5 20.Bg3 Qc6 21.f3 Rad8 22.Nc1 Rd7
23.Rf2 Be7 24.Rfd2 Bd8 25.Nd3 Bc7 26.f4 d4 27.exd4 Rxd4 28.Ne1 Rxd2 29.Rxd2 Rd8
30.Nf3 Rd5 31.Rxd5 Qxd5 32.Qa4 a5 33.Qe8+ Kh7 34.f5 Bc6 35.Qe7 Bd8 36.Qf8 Bg5
37.h4 Bd8 38.f6 gxf6 39.Bf4 Kg6 40.Bxh6 fxe5 41.Qg7+ Kf5 42.h5 Bf6 43.Qh7+ Ke6
44.Qg8 Qd1+ 45.Kf2 Qc2+ 46.Kg3 Qd3 47.Kf2 Qf5 48.Qb8 e4 49.Bf4 Bd4+ 50.Nxd4+ cxd4
51.Qd6+  1-0

[Event "32nd TCh-GRE"]
[Site "Kallithea Chalkidiki GRE"]
[Date "2003.07.06"]
[Round "3"]
[White "Atalik,S"]
[Black "Gelashvili,T"]
[Result "0-1"]
[WhiteElo "2599"]
[BlackElo "2520"]

1.d4 Nf6 2.c4 e6 3.Nf3 b6 4.a3 Ba6 5.Qc2 Bb7 6.Nc3 c5 7.e4 cxd4 8.Nxd4 Nc6
9.Nxc6 Bxc6 10.Qe2 Qc7 11.e5 Ng8 12.Bf4 Ne7 13.O-O-O a6 14.h4 b5 15.Rh3 bxc4
16.Rd4 Nd5 17.Bh2 Nb6 18.h5 Rb8 19.Qd2 Qb7 20.Rg4 h6 21.Rhg3 Nd5 22.Bxc4 Bxa3
23.Nxd5 Qxb2+ 24.Qxb2 Bxb2+ 25.Kd2 Bxe5 26.Nc3 Rb2+ 27.Ke1 Rc2 28.Nd1 f5
29.Ne3 Bc3+ 30.Kd1 Rd2+ 31.Kc1 fxg4 32.Nxg4 Rd4 33.Ne5 Bd2+ 34.Kb2 Bf4  0-1

[Event "32nd TCh-GRE"]
[Site "Kallithea Chalkidiki GRE"]
[Date "2003.07.06"]
[Round "3"]
[White "Gustafsson,J"]
[Black "Macieja,B"]
[Result "1/2-1/2"]
[WhiteElo "2570"]
[BlackElo "2627"]

1.d4 Nf6 2.c4 e6 3.Nf3 b6 4.a3 Bb7 5.Nc3 d5 6.cxd5 Nxd5 7.Bd2 Nf6 8.Qc2 c5
9.Bf4 a6 10.Rd1 cxd4 11.Rxd4 Qc8 12.e3 b5 13.Rd2 Nbd7 14.Be2 Be7 15.O-O  1/2-1/2

[Event "Andorra"]
[Site "Andorra la Vella AND"]
[Date "2003.07.07"]
[Round "3"]
[White "Khenkin,I"]
[Black "Pogorelov,R"]
[Result "1/2-1/2"]
[WhiteElo "2638"]
[BlackElo "2449"]

1.d4 e6 2.c4 Nf6 3.Nf3 b6 4.a3 Ba6 5.e3 d5 6.Nbd2 Be7 7.b3 O-O 8.Bb2 c5 9.Bd3 Nc6
10.O-O Rc8 11.Rc1 cxd4 12.exd4 dxc4 13.bxc4 Na5 14.Re1 Nh5 15.g3 g6 16.Ne5 Bf6
17.f4 Bg7 18.Qe2 Bb7 19.Rcd1 Nf6 20.Ndf3 Qc7 21.Ng5 Ba8 22.h3 Qb7 23.Kh2 h6
24.Ngf3 Rfd8 25.g4 Qc7 26.Rf1 Nd7 27.Nxg6  1/2-1/2

[Event "ch-BEL"]
[Site "Eupen BEL"]
[Date "2003.07.07"]
[Round "3"]
[White "Laurent,B"]
[Black "Filipek,J"]
[Result "0-1"]
[WhiteElo "2374"]
[BlackElo "2363"]

1.d4 Nf6 2.c4 e6 3.Nf3 b6 4.a3 Bb7 5.Nc3 d5 6.Bg5 Nbd7 7.cxd5 exd5 8.e3 Be7
9.Bd3 h6 10.Bh4 O-O 11.O-O Ne4 12.Bxe7 Qxe7 13.Rc1 c5 14.dxc5 bxc5 15.Qe2 a5
16.Rfd1 Nb6 17.Qc2 f5 18.Ne2 Rac8 19.Nf4 Rf6 20.Bf1 Rd6 21.Qb3 Kh7 22.Qb5 g5
23.Nh5 Re8 24.Ng3 Bc8 25.Re1 Bd7 26.Qd3 Nc4 27.Qc2 g4 28.Bxc4 dxc4 29.Nxe4 Qxe4
30.Nd2 Rxd2 31.Qxd2 Bc6 32.f3 gxf3 33.Qf2 Rg8 34.g3 Rd8 35.Rcd1 Rd3 36.Rxd3 cxd3
37.Rd1 c4 38.Rd2 Qe5 39.Rd1 Qd5 40.Rd2 Ba4 41.h3 Qe4 42.Kh2 h5 43.h4 Kg6
44.Qe1 Qe5 45.Rf2 Bc6 46.Qd2 Kf7 47.Qc1 Qc5 48.Qd2 Ke8 49.Qc1 Kd7 50.Qd2 Be4
51.Rf1 c3 52.bxc3 Qxa3 53.Rb1 Qa4 54.Rc1 Qc4 55.Rb1 Bd5 56.Rb2 Be4 57.Kg1 Bc6
58.Kf2 Kc7 59.Rb1 Qa4 60.Qxd3 Be4 61.Ra1 Qxa1 62.Qc4+ Bc6  0-1

[Event "25th Open"]
[Site "Oberwart AUT"]
[Date "2003.07.09"]
[Round "5"]
[White "Riazantsev,A"]
[Black "Brkic,A"]
[Result "1/2-1/2"]
[WhiteElo "2533"]
[BlackElo "2419"]

1.d4 Nf6 2.c4 e6 3.Nf3 b6 4.a3 Bb7 5.Nc3 d5 6.cxd5 Nxd5 7.Bd2 Be7 8.Qc2 O-O
9.e4 Nxc3 10.Bxc3 c5 11.dxc5 bxc5 12.Rd1 Qb6 13.Ne5 Rd8 14.Rxd8+ Qxd8 15.Bb5 a6
16.Ba4 Qc7 17.O-O Nc6 18.Bxc6 Bxc6 19.Nxc6 Qxc6 20.Rd1 c4 21.Qe2 f6 22.Rd4 Rc8
23.h4 Bd6 24.Rd1 Be7 25.Rd4 Bd6 26.Rd1 Be7 27.Bb4 Bxb4 28.axb4 Qb5 29.Qg4 f5
30.exf5 exf5 31.Qf3 Qxb4 32.Qxf5 Rf8 33.Qd5+ Kh8 34.Qd6 Qb8 35.Rd2 Re8 36.Qxb8 Rxb8
37.Kf1 g6 38.Ke2 Rb3 39.Rc2 Kg7 40.Kd2 h5 41.Kc1 Rb4 42.Rc3 a5 43.Kc2 Kf6
44.Ra3 c3 45.Kxc3 Rxh4 46.Rxa5 Rh2 47.Kd3  1/2-1/2

[Event "32nd TCh-GRE"]
[Site "Kallithea Chalkidiki GRE"]
[Date "2003.07.10"]
[Round "8"]
[White "Gustafsson,J"]
[Black "Schmaltz,R"]
[Result "1/2-1/2"]
[WhiteElo "2570"]
[BlackElo "2530"]

1.d4 Nf6 2.c4 e6 3.Nf3 b6 4.a3 Bb7 5.Nc3 d5 6.cxd5 Nxd5 7.Bd2 Be7 8.Qc2 O-O
9.e4 Nxc3 10.Bxc3 c5 11.dxc5 bxc5 12.Rd1 Qc7 13.Bd3 Nc6 14.e5 h6 15.O-O Rfd8
16.Bh7+ Kh8 17.Be4 Qb6 18.h3 Ba6 19.Bd3 Bxd3  1/2-1/2

[Event "ch-BEL"]
[Site "Eupen BEL"]
[Date "2003.07.12"]
[Round "8"]
[White "Marechal,A"]
[Black "Dutreeuw,M"]
[Result "1/2-1/2"]
[WhiteElo "2256"]
[BlackElo "2316"]

1.d4 Nf6 2.Nf3 e6 3.c4 b6 4.a3 Bb7 5.Nc3 d5 6.g3 dxc4 7.Qa4+ Nbd7 8.Bg5 Be7
9.Bg2 O-O 10.Qxc4 c5 11.dxc5 Nxc5 12.O-O Nd5 13.Bxe7 Qxe7 14.b4 Nd7 15.Nxd5 Bxd5
16.Qd4 Rfd8 17.Rfc1 Rac8 18.Qb2 h6 19.e3 b5 20.Rxc8 Rxc8 21.Rc1 Qd8 22.Nd4 Bxg2
23.Kxg2 Ne5 24.Rxc8 Qxc8 25.Qc2 Qxc2 26.Nxc2 Nc4 27.Kf3 f5 28.Ke2 e5 29.Kd3 Kf7
30.e4 g6 31.f4 Ke6 32.h3 fxe4+ 33.Kxe4 Nd6+ 34.Kd3 exf4 35.gxf4 Kf5 36.Ke3 Nc4+
37.Kf3 Nd2+ 38.Ke3 Nc4+ 39.Kf3 Nd2+  1/2-1/2

[Event "13th S&WYM Rated"]
[Site "Millfield School ENG"]
[Date "2003.07.12"]
[Round "3"]
[White "Deva,C"]
[Black "Linford,C"]
[Result "1-0"]
[WhiteElo "2148"]
[BlackElo "2207"]

1.d4 Nf6 2.c4 e6 3.Nf3 b6 4.a3 Bb7 5.Nc3 c5 6.d5 exd5 7.cxd5 d6 8.Bg5 Be7
9.e4 O-O 10.Bc4 h6 11.Bf4 Re8 12.O-O Ba6 13.Bxa6 Nxa6 14.Nd2 Nc7 15.a4 a6
16.Re1 b5 17.Qf3 Qd7 18.h3 Reb8 19.a5 Nce8 20.Ne2 Bd8 21.Ng3 Nh7 22.Nf5 Bg5
23.h4 Bxf4 24.Qxf4 Nf8 25.h5 Nh7 26.e5 dxe5 27.Rxe5 Nef6 28.Ra3 Kh8 29.d6 Re8
30.Rae3 Rxe5 31.Rxe5 Re8 32.Rxc5 Nxh5 33.Qd4 N5f6 34.Nf3 Kg8 35.Ne7+ Kh8
36.Rc7 Qe6 37.Ne5 Nf8 38.Ra7 Rd8 39.N7c6 Rc8 40.Nxf7+ Kg8 41.Ne7+ Kxf7 42.Nxc8+ Kg6
43.Ne7+ Kh5 44.Qd1+ Ng4 45.Qd5+  1-0

[Event "25th Open"]
[Site "Oberwart AUT"]
[Date "2003.07.13"]
[Round "9"]
[White "Riazantsev,A"]
[Black "Zsinka,L"]
[Result "1-0"]
[WhiteElo "2533"]
[BlackElo "2364"]

1.d4 Nf6 2.c4 e6 3.Nf3 b6 4.a3 Bb7 5.Nc3 g6 6.Qc2 d6 7.e4 Nbd7 8.Be2 Bg7
9.O-O O-O 10.Bd2 c5 11.d5 Qe7 12.Rfe1 e5 13.g3 Kh8 14.Bg5 h6 15.Bd2 Ng8 16.Nh4 Bf6
17.Ng2 Bg7 18.Bd3 Ndf6 19.f4 exf4 20.gxf4 Ng4 21.e5 dxe5 22.h3 N4f6 23.fxe5 Nd7
24.d6 Qd8 25.Bf4 g5 26.Bg3 Re8 27.Qf2 Nxe5 28.Bxe5 Rxe5 29.Rxe5 Bxe5 30.Qxf7 Bd4+
31.Kh1 Bxg2+ 32.Kxg2 Nf6 33.Rf1 Qg8 34.Rxf6 Bxf6 35.Qxf6+ Qg7 36.Qe6 Rf8
37.d7 Rd8 38.Bf5 Rg8 39.Kg3 Rd8 40.Ne4 Rf8 41.Qe8 Qg8 42.Nf6  1-0

[Event "24th Open"]
[Site "Bled SLO"]
[Date "2003.07.14"]
[Round "1"]
[White "Loncar,R"]
[Black "Mackiewicz,M"]
[Result "1-0"]
[WhiteElo "2394"]
[BlackElo "1846"]

1.d4 Nf6 2.c4 e6 3.Nf3 b6 4.a3 Bb7 5.Nc3 Be7 6.d5 exd5 7.cxd5 d6 8.e4 Nbd7
9.Nd4 O-O 10.Bd3 Re8 11.O-O Bf8 12.Re1 g6 13.Bg5 Bg7 14.Bb5 a6 15.Bc6 Bxc6
16.Nxc6 Qc8 17.f4 Nc5 18.e5 Nfd7 19.exd6 cxd6 20.Ne7+ Rxe7 21.Bxe7 Qc7 22.Rc1 Nf6
23.b4 Nce4 24.Bxf6 Nxf6 25.Ne4 Qd7 26.Rc6 Nxe4 27.Rxe4 b5 28.Qd3 Qa7+ 29.Kh1 Rd8
30.Qe3 Qa8 31.Qb6 Re8 32.Rxe8+ Qxe8 33.Rxd6  1-0

[Event "Masters"]
[Site "Saint Lo FRA"]
[Date "2003.07.17"]
[Round "9"]
[White "Tihonov,J"]
[Black "Berube,R"]
[Result "1-0"]
[WhiteElo "2382"]
[BlackElo "2305"]

1.d4 Nf6 2.c4 e6 3.Nf3 b6 4.a3 Bb7 5.Nc3 d5 6.Bg5 Be7 7.Qa4+ c6 8.Bxf6 Bxf6
9.cxd5 exd5 10.g3 O-O 11.Bg2 Re8 12.O-O Nd7 13.Rfd1 Nf8 14.e3 a5 15.Qc2 Rc8
16.Rac1 g6 17.b4 axb4 18.axb4 Ne6 19.Qb3 Bg7 20.Ne1 b5 21.Nd3 Ra8 22.Ra1 Qb6
23.Ne2 Bf8 24.h4 Bd6 25.Bh3 Ng7 26.Qc3 Rxa1 27.Rxa1 Bc8 28.Bxc8 Rxc8 29.Qa3 Qd8
30.Qa6 Nf5 31.Qb7 Qe8 32.Ra7 Bb8 33.Ra8 Nd6 34.Qa6 Ne4 35.Nef4 Rd8 36.Qb6 Bc7
37.Rxd8 Bxd8 38.Qb8 Kf8 39.Ne5 Be7 40.Nd7+  1-0

[Event "BCSA Open"]
[Site "Batumi GEO"]
[Date "2003.07.19"]
[Round "3"]
[White "Bagaturov,G"]
[Black "Magalashvili,D"]
[Result "1-0"]
[WhiteElo "2462"]
[BlackElo "2250"]

1.d4 Nf6 2.c4 e6 3.Nf3 b6 4.a3 Bb7 5.Nc3 Be7 6.d5 d6 7.e4 e5 8.Be2 O-O 9.O-O a5
10.Rb1 c5 11.Ne1 Ne8 12.Nd3 Ba6 13.b3 Bg5 14.Bb2 Nc7 15.Qc2 b5 16.Nxc5 dxc5
17.cxb5 Bc8 18.Na4 Nd7 19.Nxc5 Nxc5 20.Qxc5 Be7 21.Qe3 Bd6 22.Rbc1 Qe7 23.a4 Ne8
24.Rc6 Bd7 25.Rfc1 Bxc6 26.dxc6 Nc7 27.Bg4 Ne6 28.Bxe6 Qxe6 29.b6 h6 30.c7 Rac8
31.g3 f5 32.Qd3 fxe4 33.Qc4 Kf7 34.b4 axb4 35.Qxe4 Ke7 36.Rc4 Qf7 37.f4 Qh5
38.Kg2 Kd7 39.fxe5 Qd1 40.Qc6+  1-0